Normal view
MARC view
- تاليف هيلير، ف.م؛ ترجمة بكري، عطا؛ مراجعة الشوبكي، علي ،مراجعة الهيتي، شاكر ؛ تصدير الفيل، محمد رشيد
Entry Personal Name
001 - CONTROL NUMBER
- control field: 38647
003 - CONTROL NUMBER IDENTIFIER
- control field: JO-AjAnu
005 - DATE AND TIME OF LATEST TRANSACTION
- control field: 20230606080432.0
008 - FIXED-LENGTH DATA ELEMENTS
- fixed length control field: 230606|| aca||aabn | a|a d
040 ## - CATALOGING SOURCE
- Original cataloging agency: JO-AjAnu
- Transcribing agency: JO-AjAnu
100 ## - HEADING--PERSONAL NAME
- Personal name: تاليف هيلير، ف.م؛ ترجمة بكري، عطا؛ مراجعة الشوبكي، علي ،مراجعة الهيتي، شاكر ؛ تصدير الفيل، محمد رشيد
670 ## - SOURCE DATA FOUND
- Source citation: Work cat.: (JO-AjAnu)19822: تاليف هيلير، ف.م؛ ترجمة بكري، عطا؛ مراجعة الشوبكي، علي ،مراجعة الهيتي، شاكر ؛ تصدير الفيل، محمد رشيد, author, جغرافية العالم للأحداث